טוען...
Solid state chemistry
| מחבר ראשי: | |
|---|---|
| פורמט: | Printed Book |
| יצא לאור: |
Elsevier
2008
|
| נושאים: |
| LEADER | 00512nam a2200193 4500 | ||
|---|---|---|---|
| 020 | |a 9788131215715 |c 695 | ||
| 082 | |a 541.0421 ROP-S | ||
| 100 | |a Ropp, RC | ||
| 245 | |a Solid state chemistry | ||
| 250 | |||
| 260 | |a Elsevier |c 2008 | ||
| 300 | |a 447 | ||
| 490 | |||
| 500 | |||
| 590 | |c 695 | ||
| 650 | |a Solid state chemistry; Physical chemistry | ||
| 942 | |c BK | ||
| 999 | |c 85256 |d 85256 | ||
| 952 | |0 0 |1 0 |4 0 |6 541_042100000000000_ROPS |7 0 |9 98724 |a PHY |b PHY |g 695.00 |l 0 |o 541.0421 ROP-S |p PHY06914 |r 2019-09-24 |w 2019-09-24 |y BK | ||